| 000 | 00473nam a2200181 4500 | ||
|---|---|---|---|
| 001 | 12541 | ||
| 005 | 20230410105346.0 | ||
| 008 | 060907n1977 dr spa | ||
| 020 | _a0884106632 | ||
| 035 | _9funglode12641 | ||
| 041 | _aEN | ||
| 050 | 1 | 4 | _aHB 171.5 H488p 1977 |
| 100 | _aHemenway, David | ||
| 245 | 1 |
_aPrices and choices / _cDavid Hemenway |
|
| 260 |
_aCambridge : _bBallinger Publishing Company, _c1977 |
||
| 300 | _ax, 196 p. | ||
| 942 |
_2lcc _cbk |
||
| 999 |
_c35057 _d35057 |
||